Spidey a jeho úžasní přátelé. Odvážná záchrana /
Třináct komiksových dobrodružství Spideyho a jeho pavoučího týmu.
Uloženo v:
| Hlavní autor: | |
|---|---|
| Další autoři: | |
| Médium: | Kniha |
| Jazyk: | Czech |
| Vydáno: |
V Praze :
Alicanto,
2026
|
| Vydání: | 1. vydání |
| Edice: | Disney Junior
Můj první komiks |
| Témata: | |
| Celkem bylo vypůjčeno: | 0x |
| Tagy: |
Žádné tagy |
| LEADER | 02028nam a2200529 i 4500 | ||
|---|---|---|---|
| 001 | 106341 | ||
| 003 | CZ PrNK | ||
| 005 | 20260514075049.0 | ||
| 007 | ta | ||
| 008 | 260505s2026 xr a b 6 000 1 cze | ||
| 015 | |a cnb003756613 | ||
| 020 | |a 9788025263334 |q (vázáno) : |c Kč 269,00 | ||
| 040 | |a ABG001 |b cze |e rda | ||
| 041 | 1 | |a cze |h eng | |
| 072 | 7 | |a 741.52 |x Komiksy. Komiksové adaptace |2 Konspekt |9 21 | |
| 072 | 7 | |a 821-93 |x Literatura pro děti a mládež (beletrie) |2 Konspekt |9 26 | |
| 080 | |a 741.52(0:82-322.9) |2 MRF | ||
| 080 | |a 821-93 |2 MRF | ||
| 100 | 1 | |a Behling, Steve |7 ola20181014504 |4 aut |9 109281 | |
| 240 | 1 | 0 | |a Teamwork saves the day!. |l Česky |
| 245 | 1 | 0 | |a Spidey a jeho úžasní přátelé. |p Odvážná záchrana / |c Steve Behling ; z anglického originálu ... přeložil Lubomír Šebesta |
| 246 | 3 | 0 | |a Odvážná záchrana |
| 250 | |a 1. vydání | ||
| 264 | 1 | |a V Praze : |b Alicanto, |c 2026 | |
| 300 | |a 63 stran : |b barevné ilustrace ; |c 25 cm | ||
| 336 | |a text |b txt |2 rdacontent | ||
| 336 | |a statický obraz |b sti |2 rdacontent | ||
| 337 | |a bez média |b n |2 rdamedia | ||
| 338 | |a svazek |b nc |2 rdacarrier | ||
| 490 | 1 | |a Disney Junior | |
| 490 | 1 | |a Můj první komiks | |
| 500 | |a Nad názvem uvedeno původní nakladatelství: Marvel | ||
| 520 | 2 | |a Třináct komiksových dobrodružství Spideyho a jeho pavoučího týmu. | |
| 521 | 8 | |a Pro děti od 6 let | |
| 655 | 7 | |a superhrdinské komiksy |7 fd1057488 |2 czenas | |
| 655 | 7 | |a publikace pro děti |7 fd133156 |2 czenas |9 23 | |
| 655 | 9 | |a superhero comics |2 eczenas | |
| 655 | 9 | |a children's literature |2 eczenas | |
| 700 | 1 | |a Šebesta, Lubomír |7 xx0084760 |4 trl |9 30495 | |
| 710 | 2 | |a Alicanto (nakladatelství) |7 xx0341991 |4 pbl |9 117187 | |
| 765 | 1 | |t Spidey and his amazing friends | |
| 830 | 0 | |a Disney Junior | |
| 830 | 0 | |a Můj první komiks | |
| 910 | |a UOG502 | ||
| 942 | |2 ddc |c KN | ||
| 999 | |d 106341 | ||
| 993 | |0 0 |1 421180107062 |2 ddc |4 0 |6 M |7 0 |9 99723 |b 0 |c 107062 |d 2026-05-14 |e 0 |f M |g M |h 269.00 |i Koupě |l M |r 2026-05-14 |t 8 |w 2026-05-14 |y KN |z KOMIKS |n | ||